[Event "SVK-ch U18"]
[Site "Stara Lubovna"]
[Date "2014.04.09"]
[Round "6"]
[White "Ganaj, Matej"]
[Black "Nemergut, Jan"]
[Result "1-0"]
[WhiteElo "1591"]
[BlackElo "1000"]
[PlyCount "79"]
[EventDate "2014.04.05"]
[EventType "swiss"]
[EventRounds "9"]
[EventCountry "SVK"]
[SourceTitle "EXT 2016"]
[Source "ChessBase"]
[SourceDate "2015.10.08"]
[SourceVersion "1"]
[SourceVersionDate "2015.10.08"]
[SourceQuality "1"]

1. e4 e5 2. Nf3 d6 3. Bc4 h6 4. h3 c5 5. 0-0 Bd7 6. c3 b5 7. Bd5 Bc6 8. Bxc6+ Nxc6 9. d4 f6 10. dxe5 fxe5 11. Qe2 a6 12. Rd1 Nf6 13. Nh4 g5 14. Nf5 Rh7 15. f3 Be7 16. Be3 Qc7 17. Nd2 0-0-0 18. a4 Na7 19. axb5 axb5 20. Ra6 Kd7 21. Nb3 Ke8 22. Na5 Kf7 23. b4 Kg6 24. Rxa7 Qxa7 25. Nc6 Qc7 26. Nxd8 Bxd8 27. Nxd6 cxb4 28. Nxb5 Qa5 29. cxb4 Qa8 30. Nc3 Rc7 31. Nd5 Rb7 32. Nxf6 Kxf6 33. Rxd8 Qxd8 34. Qa6+ Kf7 35. Qxb7+ Ke8 36. Qc6+ Qd7 37. Qxd7+ Kxd7 38. b5 Kc7 39. b6+ Kb7 40. Kf2 1-0

[Event "SVK-ch U18"]
[Site "Stara Lubovna"]
[Date "2014.04.07"]
[Round "4"]
[White "Haborak, Kristian"]
[Black "Nemergut, Jan"]
[Result "1-0"]
[WhiteElo "1799"]
[BlackElo "1000"]
[PlyCount "77"]
[EventDate "2014.04.05"]
[EventType "swiss"]
[EventRounds "9"]
[EventCountry "SVK"]
[SourceTitle "EXT 2016"]
[Source "ChessBase"]
[SourceDate "2015.10.08"]
[SourceVersion "1"]
[SourceVersionDate "2015.10.08"]
[SourceQuality "1"]

1. e4 e5 2. Nc3 Nf6 3. f4 d6 4. Nf3 Bg4 5. h3 Bxf3 6. Qxf3 Nc6 7. Bb5 Be7 8. d3 0-0 9. Be3 exf4 10. Bxf4 Nd4 11. Qf2 Nxb5 12. Nxb5 c6 13. Nc3 Re8 14. 0-0 d5 15. e5 Nd7 16. Kh1 Bc5 17. d4 Bb6 18. Ne2 Kh8 19. Be3 Rf8 20. Nf4 g6 21. Rae1 Bc7 22. h4 h5 23. Qg3 Rg8 24. Qh3 Nf8 25. Nd3 Qe8 26. Bg5 Bd8 27. Bf6+ Bxf6 28. exf6 Qd8 29. Re7 Nh7 30. Ne5 Rf8 31. Nxf7+ Rxf7 32. Rxf7 Qe8 33. Qd7 Qxd7 34. Rxd7 Nf8 35. Rxb7 Ne6 36. c3 c5 37. dxc5 Nxc5 38. Re7 Rb8 39. f7 1-0